Necenzurovaná zpráva o českém filmu : nová kniha o skutečném vývoji české kinematografie /
Uloženo v:
| Hlavní autor: | |
|---|---|
| Další autoři: | |
| Médium: | E-kniha |
| Jazyk: | Czech |
| Vydáno: |
V Praze :
Artes Liberales,
2010
|
| Vydání: | Vyd. 1. |
| Témata: | |
| Tagy: |
Žádné tagy |
| LEADER | 02582nam a2200637 a 4500 | ||
|---|---|---|---|
| 001 | 296544 | ||
| 003 | CZ PrSKC | ||
| 005 | 20260407070829.0 | ||
| 007 | ta | ||
| 008 | 101213s2010 xr acf e 000 0 cze | ||
| 015 | |a cnb002148553 | ||
| 020 | |a 9788090474512 |q (brož.) : |c Kč 249,00 | ||
| 035 | |a (OCoLC)703549411 | ||
| 040 | |a ABA001 |b cze | ||
| 043 | |a e-xr--- | ||
| 045 | |a x-y- | ||
| 072 | 7 | |a 791 |x Film. Cirkus. Lidová zábava |2 Konspekt | |
| 080 | |a 791:070.4 |2 MRF | ||
| 080 | |a 791.622 |2 MRF | ||
| 080 | |a 791.2 |2 MRF | ||
| 080 | |a 791.65.079 |2 MRF | ||
| 080 | |a (437.3) |2 MRF | ||
| 080 | |a (0:82-95) |2 MRF | ||
| 080 | |a (047.53) |2 MRF | ||
| 080 | |a (0:82-4) |2 MRF | ||
| 080 | |a (081) |2 MRF | ||
| 100 | 1 | |a Melounek, Pavel, |d 1957-2010 |7 jn19990009929 |4 aut | |
| 245 | 1 | 0 | |a Necenzurovaná zpráva o českém filmu : |b nová kniha o skutečném vývoji české kinematografie / |c Pavel Melounek ; [k vydání připravil Jan Pavel] |
| 246 | 3 | 0 | |a Zpráva o českém filmu |
| 250 | |a Vyd. 1. | ||
| 260 | |a V Praze : |b Artes Liberales, |c 2010 | ||
| 300 | |a 268 s., [8] s. barev. obr. příl. : |b il., portréty ; |c 20 cm | ||
| 504 | |a Obsahuje filmografii | ||
| 648 | 7 | |a 20.-21. století |7 ch462155 |2 czenas | |
| 650 | 0 | 7 | |a filmová publicistika |7 ph249628 |z Česko |y 20.-21. stol. |2 czenas |
| 650 | 0 | 7 | |a kinematografie |7 ph114909 |z Česko |y 20.-21. stol. |2 czenas |
| 650 | 0 | 7 | |a filmy |7 ph120215 |z Česko |y 20.-21. stol. |2 czenas |
| 650 | 0 | 7 | |a filmové festivaly a přehlídky |7 ph120194 |z Česko |y 20.-21. stol. |2 czenas |
| 650 | 0 | 9 | |a film journalism |z Czechia |y 20th-21st centuries |2 eczenas |
| 650 | 0 | 9 | |a cinematography |z Czechia |y 20th-21st centuries |2 eczenas |
| 650 | 0 | 9 | |a films |z Czechia |y 20th-21st centuries |2 eczenas |
| 650 | 0 | 9 | |a film festivals |z Czechia |y 20th-21st centuries |2 eczenas |
| 655 | 7 | |a recenze |7 fd133231 |2 czenas | |
| 655 | 7 | |a rozhovory |7 fd133303 |2 czenas | |
| 655 | 7 | |a úvahy |7 fd134000 |2 czenas | |
| 655 | 7 | |a sborníky |7 fd724345 |2 czenas | |
| 655 | 9 | |a recensions |2 eczenas | |
| 655 | 9 | |a interviews |2 eczenas | |
| 655 | 9 | |a essays |2 eczenas | |
| 655 | 9 | |a collections of works |2 eczenas | |
| 700 | 1 | |a Pavel, Jan, |d 1973- |7 jn99240000844 |4 edt | |
| 900 | |a ABA001 |b 17 | ||
| 044 | |a xr | ||
| 910 | |a RBIT002 | ||
| 998 | |d 167144 |a https://core.palmknihy.cz/api/books/167144/cover?by73ks |b https://core.palmknihy.cz/api/books/167144/cover/400?1b0y2g |c https://core.palmknihy.cz/api/books/167144/cover/50?ekb1jk |e |g 280 |i 9788090474512 |k https://core.palmknihy.cz/api/books/167144/preview.pdf |l |q 49 |r 1 |s https://www.palmknihy.cz/kniha/167144 |t ebook |y 2017 |z 0 | ||
| 999 | |d 296542 | ||